Le libertin (Registro nro. 170342)

Detalles MARC
000 -LEADER
campo de control de longitud fija 00767nam a22002055i 4500
001 - NÚMERO DE CONTROL
campo de control 170342
003 - IDENTIFICADOR DE NÚMERO DE CONTROL
campo de control ES-MaACL
005 - FECHA Y HORA DE LA ÚLTIMA TRANSACCIÓN
campo de control 20230906214349.0
008 - DATOS DE LONGITUD FIJA--INFORMACIÓN GENERAL
campo de control de longitud fija 090225s1951 grb |||| | eng d
080 ## - NÚMERO DE LA CLASIFICACIÓN DECIMAL UNIVERSAL
Número de la Clasificación Decimal Universal 782.1
100 1# - ENTRADA PRINCIPAL--NOMBRE DE PERSONA
Nombre de persona Auden, W. H.
9 (RLIN) 23843
245 13 - MENCIÓN DEL TÍTULO
Título Le libertin
Resto del título : opéra en trois actes /
Mención de responsabilidad, etc. sur une fable de W. H. Auden et Chester Kallmann ; musique par Igor Strawinsky ; version française de André de Badet.
260 ## - PUBLICACIÓN, DISTRIBUCIÓN, ETC.
Lugar de publicación, distribución, etc. London :
Nombre del editor, distribuidor, etc. Boosey and Hawkes Ltd.,
Fecha de publicación, distribución, etc. [1951]
300 ## - DESCRIPCIÓN FÍSICA
Extensión 64 p. ;
Dimensiones 20 cm.
650 14 - PUNTO DE ACCESO ADICIONAL DE MATERIA--TÉRMINO DE MATERIA
Término de materia o nombre geográfico como elemento de entrada Óperas-
Subdivisión de forma Libretos.
9 (RLIN) 137584
700 1# - ENTRADA AGREGADA--NOMBRE PERSONAL
Nombre de persona Kallman, Chester.
9 (RLIN) 139531
700 1# - ENTRADA AGREGADA--NOMBRE PERSONAL
Nombre de persona Stravinsky, Igor.
9 (RLIN) 139612
700 1# - ENTRADA AGREGADA--NOMBRE PERSONAL
Nombre de persona Badet, André de.
9 (RLIN) 139532
852 ## - LOCALIZACIÓN
Ubicación ES-MaACL
Número de control de estantería 2249-F-24
itemnumber R.140872
Nota libre .- Biblioteca Jacinto Martínez Lacalle
Existencias
Estatus retirado Estado de pérdida Estado de daño No para préstamo Colección Biblioteca de origen Biblioteca actual Ubicación en estantería Fecha de adquisición Fuente de adquisición Total de préstamos Signatura topográfica completa Código de barras Visto por última vez Precio de reemplazo Tipo de ítem Koha
        Colección de folletos Biblioteca del Ateneo de Madrid Biblioteca del Ateneo de Madrid Depósito folletos 25/02/2009     2249-F-24 1178829 23/02/2023 23/02/2023 Folleto